<?xml version="1.0" encoding="UTF-8"?>
<record
    xmlns:xsi="http://www.w3.org/2001/XMLSchema-instance"
    xsi:schemaLocation="http://www.loc.gov/MARC21/slim http://www.loc.gov/standards/marcxml/schema/MARC21slim.xsd"
    xmlns="http://www.loc.gov/MARC21/slim">

  <leader>01046nam a22002777a 4500</leader>
  <controlfield tag="005">20231102151919.0</controlfield>
  <controlfield tag="008">160412s2014    mx ||||| |||| 00| 0 spa d</controlfield>
  <datafield tag="020" ind1=" " ind2=" ">
    <subfield code="a">9681211391</subfield>
  </datafield>
  <datafield tag="050" ind1="1" ind2="4">
    <subfield code="a">F1226</subfield>
    <subfield code="b">N825</subfield>
  </datafield>
  <datafield tag="100" ind1=" " ind2=" ">
    <subfield code="a">Escalante Gonzalbo, Pablo</subfield>
    <subfield code="d">1963 - </subfield>
    <subfield code="e"> , autor</subfield>
    <subfield code="9">26616</subfield>
  </datafield>
  <datafield tag="245" ind1="0" ind2="0">
    <subfield code="a">Nueva historia m&#xED;nima de M&#xE9;xico</subfield>
    <subfield code="c"> / Pablo Escalante Gonzalbo ... [et al.]</subfield>
  </datafield>
  <datafield tag="260" ind1="3" ind2=" ">
    <subfield code="a">M&#xE9;xico</subfield>
    <subfield code="b"> : El Colegio de M&#xE9;xico</subfield>
    <subfield code="c"> , 2014</subfield>
  </datafield>
  <datafield tag="300" ind1=" " ind2=" ">
    <subfield code="a">315 p&#xE1;ginas.</subfield>
  </datafield>
  <datafield tag="505" ind1=" " ind2=" ">
    <subfield code="a">Incluye: &#xED;ndice e &#xED;ndice onom&#xE1;stico y topon&#xED;mico</subfield>
  </datafield>
  <datafield tag="519" ind1=" " ind2=" ">
    <subfield code="a">Plan Flexible</subfield>
    <subfield code="d">09 001228</subfield>
  </datafield>
  <datafield tag="519" ind1=" " ind2=" ">
    <subfield code="a">Plan Flexible</subfield>
    <subfield code="d">09 001229</subfield>
  </datafield>
  <datafield tag="650" ind1="1" ind2="0">
    <subfield code="a">EUROPA</subfield>
    <subfield code="v">MAPAS</subfield>
    <subfield code="9">3576</subfield>
  </datafield>
  <datafield tag="700" ind1=" " ind2=" ">
    <subfield code="a">Garc&#xED;a Mart&#xED;nez, Bernardo</subfield>
    <subfield code="e">autor</subfield>
    <subfield code="9">26617</subfield>
  </datafield>
  <datafield tag="700" ind1=" " ind2=" ">
    <subfield code="a">J&#xE1;uregui, Luis</subfield>
    <subfield code="e">autor</subfield>
    <subfield code="9">26618</subfield>
  </datafield>
  <datafield tag="700" ind1=" " ind2=" ">
    <subfield code="a">V&#xE1;zquez, Josefina Zoraida</subfield>
    <subfield code="e">autor</subfield>
    <subfield code="9">26619</subfield>
  </datafield>
  <datafield tag="700" ind1=" " ind2=" ">
    <subfield code="a">Speckman Guerra, Elisa</subfield>
    <subfield code="e">autor</subfield>
    <subfield code="9">26620</subfield>
  </datafield>
  <datafield tag="700" ind1="1" ind2=" ">
    <subfield code="a">Garciadiego Dant&#xE1;n, Javier</subfield>
    <subfield code="e">autor</subfield>
    <subfield code="9">26621</subfield>
  </datafield>
  <datafield tag="700" ind1="6" ind2=" ">
    <subfield code="a">ABOITES AGUILAR, Luis</subfield>
    <subfield code="e"> , coautor</subfield>
    <subfield code="9">26622</subfield>
  </datafield>
  <datafield tag="942" ind1=" " ind2=" ">
    <subfield code="c">LB</subfield>
    <subfield code="2">lcc</subfield>
  </datafield>
  <datafield tag="952" ind1=" " ind2=" ">
    <subfield code="0">0</subfield>
    <subfield code="1">0</subfield>
    <subfield code="2">lcc</subfield>
    <subfield code="4">0</subfield>
    <subfield code="7">0</subfield>
    <subfield code="a">09</subfield>
    <subfield code="b">09</subfield>
    <subfield code="d">2016-04-12</subfield>
    <subfield code="l">0</subfield>
    <subfield code="o">F1226 N825</subfield>
    <subfield code="p">09 001228</subfield>
    <subfield code="r">2016-04-12</subfield>
    <subfield code="t">1</subfield>
    <subfield code="w">2016-04-12</subfield>
    <subfield code="y">LB</subfield>
  </datafield>
  <datafield tag="952" ind1=" " ind2=" ">
    <subfield code="0">0</subfield>
    <subfield code="1">0</subfield>
    <subfield code="2">lcc</subfield>
    <subfield code="4">0</subfield>
    <subfield code="7">0</subfield>
    <subfield code="a">09</subfield>
    <subfield code="b">09</subfield>
    <subfield code="d">2016-04-12</subfield>
    <subfield code="l">0</subfield>
    <subfield code="o">F1226 N825</subfield>
    <subfield code="p">09 001229</subfield>
    <subfield code="r">2016-04-12</subfield>
    <subfield code="t">2</subfield>
    <subfield code="w">2016-04-12</subfield>
    <subfield code="y">LB</subfield>
  </datafield>
  <datafield tag="999" ind1=" " ind2=" ">
    <subfield code="c">99303</subfield>
    <subfield code="d">99303</subfield>
  </datafield>
</record>
